000 00447nam a2200169 i 4500
001 81645
003 ES-MaACL
005 20230906174500.0
007 t|
008 041105s1933 gw ||||1| ger d
100 1 _aHuxley, Aldous,
_d1894-1963
_964858
245 1 0 _aCrome yellow /
_cby Aldous Huxley.
260 _aHamburg :
_bThe Albatros,
_c1933.
300 _a181 p. ;
_c19 cm.
852 _aES-MaACL
_jA-2146
999 _c81645
_d81645